header

Optimizing teaching and learning (Record no. 66495)

MARC details
000 -LEADER
fixed length control field 01327nam a2200325Ia 4500
100 1# - MAIN ENTRY--AUTHOR NAME
Personal name Gurung, Regan A. R.
245 10 - TITLE STATEMENT
Title Optimizing teaching and learning
260 ## - PUBLICATION, DISTRIBUTION, ETC. (IMPRINT)
Place of publication Chichester, U.K. ;
-- Malden, MA :
Name of publisher Wiley-Blackwell,
Year of publication 2009.
300 ## - PHYSICAL DESCRIPTION
Number of Pages xiv, 232 p. :
Other physical details ill.
650 #0 - SUBJECT ADDED ENTRY--TOPICAL TERM
Topical Term College teaching.
Topical Term Reflective teaching.
Topical Term Learning.
700 1# - ADDED ENTRY--PERSONAL NAME
Personal name Schwartz, Beth M.
856 40 - ELECTRONIC LOCATION AND ACCESS
Uniform Resource Identifier http://site.ebrary.com/lib/rucke/Doc?id=10300903

No items available.

© 2026 Rongo University
Contact us: librarian | system librarian | Rongo university